Statistics for Tallest Architectures by History

Click here to take the quiz!

General Stats

  • This quiz has been taken 41 times
  • The average score is 7 of 14

Answer Stats

Answer% Correct
Eiffel Tower
95%
Empire State Building
95%
Burj Khalifa
92%
Chrysler Building
79%
CN Tower
79%
Washington Monument
79%
Great Pyramid of Giza
76%
Cologne Cathedral
53%
Lincoln Cathedral
32%
Strasbourg Cathedral
13%
Ostankino Tower
11%
Rouen Cathedral
8%
St. Nicholas Church
3%
St. Mary's Church
0%

Score Distribution

Percentile by Number Answered

Percent of People with Each Score

Your Score History

You have not taken this quiz